| 000 | 00611nam a2200169Ia 4500 | ||
|---|---|---|---|
| 008 | 150610s9999 xx 000 0 und d | ||
| 020 | _a1560060328 | ||
| 050 |
_aHQ764 _b.S3B33 1993 |
||
| 100 | _aBachrach, Deborah, 1943- | ||
| 245 |
_aMargaret Sanger / _cby Deborah Bachrach. |
||
| 260 |
_aCalifornia : _bLucent Books, _c1993. |
||
| 300 |
_a112pages ; _c24 cm. |
||
| 504 | _aIncludes bibliographical references and index. | ||
| 520 | _aJuvenile literature. | ||
| 650 |
_aBirth control-United States-Biography _xJuvenile literature. |
||
| 650 |
_aSocial reformers-United States-Biography _xJuvenile literature. |
||
| 999 |
_c288038 _d288038 |
||